John D. Rockefeller, Jr. centenary exhibition : a productive collaboration, 1919-1935.

محفوظ في:

مؤلف مشترك: University of Chicago. Oriental Institute.

مؤلفون آخرون: Rockefeller, John D., Jr. 1874-1960.

التنسيق: كتاب

اللغة: English

منشور في: Chicago : University of Chicago, 1974.

الموضوعات:

الوسوم: إضافة وسم

لا توجد وسوم, كن أول من يضع وسما على هذه التسجيلة!

رقم الطلب: ( P )PJ69 .C5 C5 1974

LEADER 01075nam a2200253Ia 4500
003 OSt
005 20240709085200.0
008 760210s1974 ilu c 000 0 eng d
952 |0 0  |1 0  |2 lcc  |4 0  |7 1  |9 43839  |a ARCE  |b ARCE  |d 2022-11-24  |l 0  |o ( P )PJ69 .C5 C5 1974  |p 1029552  |r 2022-11-24 00:00:00  |w 2022-11-24  |y BK 
999 |c 50296  |d 50296 
040 |c ARCE Library 
050 4 |a ( P )PJ69 .C5 C5 1974 
110 2 |a University of Chicago. Oriental Institute. 
245 1 0 |a John D. Rockefeller, Jr. centenary exhibition :   |b a productive collaboration, 1919-1935. 
264 1 |a Chicago :   |b University of Chicago,   |c 1974. 
300 |a 24 p. :   |b ill., map., ports. ;   |c 21 x 26 cm. 
500 |a Catalog of an exhibition held Dec., 1974. 
650 4 |a Art -- Collectors and collecting -- United States -- Exhibitions. 
650 0 |a Art -- Private collections -- United States -- Exhibitions. 
650 0 |a Art, Middle Eastern -- Exhibitions. 
651 0 |a Middle East -- Antiquities. 
700 1 |a Rockefeller, John D.,   |c Jr.   |q (John Davison),   |d 1874-1960. 
901 |a reviewed 
942 |2 lcc  |c BK